| 000 | 00696cam a2200253 a 4500 | ||
|---|---|---|---|
| 999 |
_c2943 _d2943 |
||
| 001 | 20762 | ||
| 003 | BD-DhUAP | ||
| 005 | 20200229162316.0 | ||
| 008 | 200229s2014 enka b 001 0deng | ||
| 020 | _a9783037681633 | ||
| 035 | _a(OCoLC)ocm51841593 | ||
| 040 |
_aUKM _cUKM _dORU _dIXA _dC#P _dBD-DhUAP _bEng |
||
| 082 | 0 | 4 |
_a741.6 LUC _223 |
| 100 | 1 | _a Lucas, Dorian. | |
| 245 | 1 | 0 |
_aGraphic design x100 / _cDorian Lucas. |
| 250 | _a1st ed. | ||
| 260 |
_aSalenstein : _bBraun, _cc2014. |
||
| 300 |
_a216 pages : _billustrations ; _c28 cm. |
||
| 500 | _aIncludes index. | ||
| 650 | _aGraphic arts. | ||
| 650 | _aGraphic artists. | ||
| 650 | _aGraphic design (Typography). | ||
| 942 |
_2ddc _cBK |
||